| 000 | 01613nam a22002777a 4500 | ||
|---|---|---|---|
| 003 | |||
| 005 | 20220224095059.0 | ||
| 008 | 210802b 2020 dr 00| 0 eng d | ||
| 020 | _a9789945613612 (v.1) | ||
| 020 | _a9789945613667 (v.2) | ||
| 040 |
_aBPMSU _bspa _cBPMSU |
||
| 082 |
_a972.9302 _bR696c 2020 _222 |
||
| 100 | 1 | _aRodríguez Morel, Genaro | |
| 245 | 1 | 0 |
_aCuentas de las cajas reales de Santo Domingo : _btomadas al tesorero Miguel de Pasamonte por el licenciado Alonso López de Cerrato : 1520-1525 / _cGenaro Rodríguez Morel. |
| 260 |
_aSanto Domingo : _bArchivo General de la Nación, _c2020. |
||
| 300 |
_a2v. ; _c26 cm. |
||
| 490 | 0 |
_aArchivo General de la Nación _v393 / 394 |
|
| 500 | _aIncluye datos biográficos del autor en las solapas. | ||
| 500 | _aIncluye referencias bibliográficas y notas al pie de las páginas. | ||
| 500 | _aIncluye índice onomástico, geográfico y temático. | ||
| 505 | 0 |
_gv.1 : _tCuentas de las Cajas Reales de Santo Domingo : tomadas al tesorero Miguel de Pasamonte por el licenciado Alonso López de Cerrato : 1520-1525 -- _tPresentación / Genaro Rodríguez Morel -- _tArchivo General de Indias. Contaduría 1050 N.º 1 -- _gv.2 _tCuentas de las Cajas Reales de Santo Domingo : Resto del título tomadas al tesorero Miguel de Pasamonte por el licenciado Alonso López de Cerrato : 1525-1534 -- _tPresentación / Genaro Rodríguez Morel -- _tArchivo General de Indias. Contaduría 1050 N.º 2 -- |
|
| 590 | _aInventariado, 2021 /VM | ||
| 651 |
_aRepública Dominicana _xHistoria _xFuentes _y1520-1525 |
||
| 910 | _aVMateo V. | ||
| 942 |
_2ddc _cBK |
||
| 999 |
_c13613 _d13613 |
||